书目信息 |
| 题名: |
广义逆矩阵及其应用
|
|
| 作者: | 王松桂 , 杨振海 著 | |
| 分册: | ||
| 出版信息: | 北京 北京工业大学出版社 1996 |
|
| 页数: | 263页 | |
| 开本: | 20cm | |
| 丛书名: | ||
| 单 册: | ||
| 中图分类: | O151.21 | |
| 科图分类: | ||
| 主题词: | 逆矩阵--高等学校 | |
| 电子资源: | ||
| ISBN: | 7-5639-0562-6 | |
| 000 | 00733nam0 2200241 45 | |
| 001 | 0900000016853 | |
| 005 | 20051114160934.87 | |
| 010 | @a7-5639-0562-6@dCNY10.50 | |
| 092 | @aCN | |
| 100 | @a20041125d1996 ekmy0chiy0120 ea | |
| 101 | 0 | @achi |
| 102 | @aCN@b110000 | |
| 105 | @ay az 001y | |
| 200 | 1 | @a广义逆矩阵及其应用@Aguang yi ni ju zhen ji qi ying yong@f王松桂,杨振海著@FWang Song Gui,Yang Zhen Hai Zhu |
| 210 | @a北京@c北京工业大学出版社@d1996 | |
| 215 | @a263页@d20cm | |
| 330 | @a本书系统地论述了广义逆矩阵的理论、方法和应用。全书分10章。 | |
| 606 | 0 | @a逆矩阵@x高等学校 |
| 690 | @aO151.21@v4 | |
| 701 | 0 | @a王松桂@4著 |
| 701 | 0 | @a杨振海@4著 |
| 801 | 0 | @aCN@bCXYBOOK@c20051114 |
| 905 | @a10447@dO151.21@e166 | |
| 广义逆矩阵及其应用/王松桂,杨振海著.-北京:北京工业大学出版社,1996 |
| 263页;20cm |
| ISBN 7-5639-0562-6:CNY10.50 |
| 本书系统地论述了广义逆矩阵的理论、方法和应用。全书分10章。 |
| ● |
| 相关链接 |
|
|
|
|
正题名:广义逆矩阵及其应用
索取号:O151.21/166
 
预约/预借
| 序号 | 登录号 | 条形码 | 馆藏地/架位号 | 状态 | 备注 |
| 1 | 0357534 | 3575349 | 第二样本阅览室/ [索取号:O151.21/166] | 在馆 | |
| 2 | 0357535 | 3575358 | 第三借阅区/ [索取号:O151.21/166] | 在馆 | |
| 3 | 0357536 | 3575367 | 第三借阅区/ [索取号:O151.21/166] | 在馆 | |
| 4 | 0357537 | 3575376 | 第三借阅区/ [索取号:O151.21/166] | 在馆 | |
| 5 | 0357538 | 3575385 | 第三借阅区/ [索取号:O151.21/166] | 在馆 | |
| 6 | 0362304 | 3623047 | 第三借阅区/ [索取号:O151.21/166] | 在馆 | |
| 7 | 0362305 | 3623056 | 第三借阅区/ [索取号:O151.21/166] | 在馆 | |
| 8 | 0362306 | 3623065 | 第三借阅区/ [索取号:O151.21/166] | 在馆 | |
| 9 | 0362307 | 3623074 | 第三借阅区/ [索取号:O151.21/166] | 在馆 | |
| 10 | 0362308 | 3623083 | 第三借阅区/ [索取号:O151.21/166] | 在馆 | |
| 11 | 0367242 | 203672427 | 第三借阅区/ [索取号:O151.21/166] | 在馆 | |
| 12 | 0367243 | 203672436 | 第三借阅区/ [索取号:O151.21/166] | 在馆 | |
| 13 | 0367244 | 203672445 | 第三借阅区/ [索取号:O151.21/166] | 在馆 | |
| 14 | 0367245 | 203672454 | 第三借阅区/ [索取号:O151.21/166] | 在馆 | |
| 15 | 0367246 | 203672463 | 第三借阅区/ [索取号:O151.21/166] | 在馆 |